000 00859nam a22002057a 4500
999 _c145244
_d145244
005 20201110155332.0
010 _a1718EN-30 B-689800-208 ENG-125264
020 _a9788182208728
_c950.00
035 _aB-689800-208 EN-108796
037 _bGlobal Vision Pub.
_adpl
082 _a364.15
100 _aPerera, Ariyapala
245 _aHuman trafficking :
_ba crime that shame humanity /
_cby Ariyapala Perera
260 _aNew Delhi
_bGlobal Vision Pub.
_c2017
270 _a20, Ansari Road, Daryaganj,
_bNew Delhi
_e110002
300 _aviii,213p.
_c23cm(pbk)
500 _aIncludes bibliographical references and index
942 _2ddc
_cEN
_mPER
_h364.15